NOVEL DRUG DELIVERY SYSTEM (NDDS) (Record no. 5892)

MARC details
000 -LEADER
fixed length control field 00409nam a22001577a 4500
005 - DATE AND TIME OF LATEST TRANSACTION
control field 20230118122601.0
008 - FIXED-LENGTH DATA ELEMENTS--GENERAL INFORMATION
fixed length control field 190529b xxu||||| |||| 00| 0 eng d
020 ## - INTERNATIONAL STANDARD BOOK NUMBER
ISBN 978-93-81595-79-4
041 ## - LANGUAGE CODE
Language code of text/sound track or separate title eng
100 ## - MAIN ENTRY--AUTHOR NAME
Personal name BAVISKAR, DR. DHEERAJ T.
245 ## - TITLE STATEMENT
Title NOVEL DRUG DELIVERY SYSTEM (NDDS)
260 ## - PUBLICATION, DISTRIBUTION, ETC. (IMPRINT)
Place of publication PUNE
Name of publisher NIRALI PRAKASHAN
300 ## - PHYSICAL DESCRIPTION
Number of Pages P.2p,
650 ## - SUBJECT ADDED ENTRY--TOPICAL TERM
Topical Term PHARMACY
General subdivision D.PHARMA
942 ## - ADDED ENTRY ELEMENTS (KOHA)
Koha item type Books
Holdings
Lost status Damaged status Collection code Home library Current library Shelving location Date acquired Source of acquisition Cost, normal purchase price Accession Number Koha item type
    Reference JRU Library JRU Library SHELF-3-A 29/05/2019 PURCHESS 400.00 22839 Books
    PHARMACY JRU Library JRU Library SHELF-19-A 29/05/2019 PURCHESS 400.00 22840 Books
    PHARMACY JRU Library JRU Library SHELF-19-D 29/05/2019 PURCHESS 400.00 22841 Books